000 01353cam a22003734a 4500
003 OSt
005 20140310184450.0
008 991126s2000 nyua b 001 0 eng
010 _a 99059899
020 _a0439229057
040 _aDLC
_cDLC
_dDLC
042 _apcc
_alcac
050 0 0 _aQL 638.9
_b.B474 2001
100 1 _aBerger, Melvin.
_94942
245 1 0 _aWhat do sharks eat for dinner? :
_bquestions and answers about sharks /
_cMelvin and Gilda Berger ; illustrated by John Rice.
260 _aNew York :
_bScholastic,
_c2001.
300 _a48 p. :
_bcol. ill. ;
_c21 cm.
490 1 _aScholastic question & answer series
521 _aG7
526 _c890
650 0 _aSharks
_vMiscellanea
_vJuvenile literature.
_927953
650 1 _aSharks
_vMiscellanea.
_927954
650 1 _aQuestions and answers.
_94945
700 1 _aBerger, Gilda.
_94946
700 1 _aRice, John,
_d1958-
_eill.
_927955
800 1 _aBerger, Melvin.
_tScholastic question and answer series.
_927956
906 _a7
_bcbc
_corignew
_d1
_eocip
_f19
_gy-gencatlg
942 _2lcc
_cBK-SCHOLAS
999 _c34567
_d34567